[Event "Saarland-ch A 85th"]
[Site "Homburg"]
[Date "2010.03.29"]
[Round "4"]
[White "Friedrich, Elias"]
[Black "Buech, Christoph"]
[Result "1/2-1/2"]
[WhiteElo "1599"]
[BlackElo "1702"]
[PlyCount "66"]
[EventDate "2010.03.28"]
[EventType "swiss"]
[EventRounds "9"]
[EventCountry "GER"]
[SourceTitle "EXT 2011"]
[Source "ChessBase"]
[SourceDate "2010.11.26"]
[SourceVersion "1"]
[SourceVersionDate "2010.11.26"]
[SourceQuality "1"]

1. d4 Nf6 2. c4 e6 3. Nf3 c5 4. e3 cxd4 5. Nxd4 Be7 6. g3 0-0 7. Bg2 Nc6 8. 0-0 Qb6 9. b3 Nxd4 10. exd4 d5 11. c5 Qc6 12. Nc3 Rd8 13. Bf4 Ne4 14. Qd3 Nxc3 15. Qxc3 Bf6 16. Rfe1 b6 17. b4 a5 18. a3 axb4 19. axb4 Bb7 20. Be5 Rxa1 21. Qxa1 Ra8 22. Qc3 Bxe5 23. Rxe5 Ra2 24. Bf1 Ba6 25. Bxa6 Rxa6 26. Re1 h6 27. Ra1 Rxa1+ 28. Qxa1 Qb5 29. Qc3 bxc5 30. dxc5 Qc6 31. Qc2 d4 32. b5 Qxb5 33. c6 d3 1/2-1/2

[Event "Saarland-ch A 85th"]
[Site "Homburg"]
[Date "2010.03.28"]
[Round "2"]
[White "Friedrich, Elias"]
[Black "Holle, Cedric"]
[Result "1-0"]
[WhiteElo "1599"]
[BlackElo "1734"]
[PlyCount "123"]
[EventDate "2010.03.28"]
[EventType "swiss"]
[EventRounds "9"]
[EventCountry "GER"]
[SourceTitle "EXT 2011"]
[Source "ChessBase"]
[SourceDate "2010.11.26"]
[SourceVersion "1"]
[SourceVersionDate "2010.11.26"]
[SourceQuality "1"]

1. d4 d5 2. c4 c6 3. Nc3 e6 4. e3 Nf6 5. Nf3 Bd6 6. Bd2 0-0 7. c5 Bc7 8. Bd3 Nbd7 9. Qc2 e5 10. dxe5 Nxe5 11. Nd4 Nxd3+ 12. Qxd3 Nd7 13. Na4 Ne5 14. Qc2 Qg5 15. g3 Qh5 16. Bc3 Bh3 17. Rg1 Bg4 18. h4 Bf3 19. Qf5 Qh6 20. Nxf3 Qe6 21. Nd4 Qxf5 22. Nxf5 Nf3+ 23. Kf1 Nxg1 24. Kxg1 b5 25. cxb6 axb6 26. b3 f6 27. Ne7+ Kf7 28. Nxc6 b5 29. Nb2 Rfc8 30. Nb4 Bxg3 31. fxg3 Rxc3 32. Nxd5 Rxb3 33. Nd1 Rd3 34. Nb4 Rd2 35. Rc1 Ra4 36. Rb1 Rxd1+ 37. Rxd1 Rxb4 38. Rd2 Ke6 39. Kf2 h5 40. Kf3 g5 41. hxg5 fxg5 42. Rc2 Kd5 43. Rd2+ Ke5 44. Rc2 g4+ 45. Ke2 Ke4 46. Rd2 Ra4 47. Rb2 b4 48. Rd2 Ke5 49. Kd3 Ra3+ 50. Ke2 Rc3 51. Rb2 Rc4 52. Kd3 Kd5 53. Rh2 Rc3+ 54. Kd2 Ke4 55. Rxh5 Rxe3 56. Rb5 Rxg3 57. Rxb4+ Kf3 58. Rb3+ Kf2 59. Rxg3 Kxg3 60. a4 Kf4 61. a5 g3 62. Ke2 1-0

[Event "Saarland-ch A"]
[Site "Schiffweiler"]
[Date "2009.04.08"]
[Round "6"]
[White "Kupsch, Wolfgang"]
[Black "Friedrich, Elias"]
[Result "0-1"]
[WhiteElo "1656"]
[BlackElo "1618"]
[PlyCount "176"]
[EventDate "2009.04.03"]
[EventType "swiss"]
[EventRounds "9"]
[EventCountry "GER"]
[SourceTitle "EXT 2012"]
[Source "ChessBase"]
[SourceDate "2011.11.24"]
[SourceVersion "1"]
[SourceVersionDate "2011.11.24"]
[SourceQuality "1"]

1. d4 d5 2. Nf3 Nf6 3. e3 g6 4. c4 Bg7 5. Nc3 0-0 6. cxd5 Nxd5 7. Qb3 Nxc3 8. bxc3 b6 9. Bd3 Bb7 10. e4 e6 11. 0-0 Nd7 12. Re1 c5 13. Ba3 Qc7 14. Rac1 Rfc8 15. c4 cxd4 16. Qb2 Nc5 17. Bxc5 Qxc5 18. Qb5 Qxb5 19. cxb5 Rc3 20. Rxc3 dxc3 21. Kf1 Rc8 22. Rc1 Rc5 23. Ne1 f5 24. f3 Bh6 25. Rc2 Kf7 26. Ke2 Kf6 27. g3 e5 28. Ng2 fxe4 29. fxe4 Bc8 30. Ne3 Bxe3 31. Kxe3 Bg4 32. Rc1 Be6 33. a4 Bb3 34. Ra1 c2 35. Kd2 c1Q+ 36. Rxc1 Rxc1 37. Kxc1 Bxa4 38. h4 Ke6 39. Kb2 Kd6 40. Ka3 Bd1 41. Kb4 h6 42. Kc4 g5 43. hxg5 hxg5 44. Kb4 Bg4 45. Bf1 Ke7 46. Kc4 Be6+ 47. Kc3 Kf6 48. Be2 Kg6 49. Kb4 Kh6 50. Kc3 Bf7 51. Kd3 Bh5 52. g4 Bf7 53. Kc3 Kg6 54. Kb4 Kf6 55. Kc3 Ke7 56. Bd3 Kd6 57. Kb4 Be6 58. Be2 Kc7 59. Bd1 Kb7 60. Be2 Bf7 61. Bd3 Ba2 62. Ka3 Be6 63. Be2 a6 64. bxa6+ Ka7 65. Kb4 Bc8 66. Kc3 Bxa6 67. Bd1 b5 68. Kb4 Kb6 69. Be2 Bc8 70. Bd1 Bd7 71. Be2 Be6 72. Bd1 Bc4 73. Bf3 Bf1 74. Bd1 Bg2 75. Be2 Bxe4 76. Bxb5 Bf3 77. Bd7 e4 78. Kc4 e3 79. Kd3 e2 80. Kd2 Kc5 81. Bf5 Kd4 82. Bc8 Ke4 83. Ba6 Kf4 84. Bxe2 Bxe2 85. Kxe2 Kxg4 86. Kf2 Kh3 87. Kg1 g4 88. Kh1 g3 0-1

[Event "Saarland-ch A"]
[Site "Schiffweiler"]
[Date "2009.04.05"]
[Round "3"]
[White "Friedrich, Elias"]
[Black "Velten, Edgar"]
[Result "1/2-1/2"]
[WhiteElo "1618"]
[BlackElo "1704"]
[PlyCount "75"]
[EventDate "2009.04.03"]
[EventType "swiss"]
[EventRounds "9"]
[EventCountry "GER"]
[SourceTitle "EXT 2012"]
[Source "ChessBase"]
[SourceDate "2011.11.24"]
[SourceVersion "1"]
[SourceVersionDate "2011.11.24"]
[SourceQuality "1"]

1. d4 d5 2. Nf3 Nf6 3. Bf4 e6 4. e3 Be7 5. Nbd2 0-0 6. c4 b6 7. Bd3 Bb7 8. 0-0 Nbd7 9. Qc2 Rc8 10. b3 c5 11. Ne5 cxd4 12. exd4 h6 13. Qb2 Nxe5 14. dxe5 Nd7 15. Be3 Bc5 16. Bxc5 Nxc5 17. Bb1 f5 18. exf6 Qxf6 19. Qxf6 Rxf6 20. cxd5 exd5 21. f3 Re8 22. b4 Nd7 23. Bd3 Re3 24. Bb5 Nf8 25. Rfe1 Rfe6 26. Kf2 Rxe1 27. Rxe1 Rxe1 28. Kxe1 Ne6 29. Nb3 Kf7 30. Kf2 Kf6 31. Bd7 Nf8 32. Bh3 Ke5 33. Ke3 g5 34. g3 Ng6 35. Nd4 Ne7 36. f4+ gxf4+ 37. gxf4+ Kf6 38. Bd7 1/2-1/2

[Event "Saarland-ch A"]
[Site "Schiffweiler"]
[Date "2009.04.04"]
[Round "2"]
[White "Meiser, Michael"]
[Black "Friedrich, Elias"]
[Result "1-0"]
[WhiteElo "1730"]
[BlackElo "1618"]
[PlyCount "149"]
[EventDate "2009.04.03"]
[EventType "swiss"]
[EventRounds "9"]
[EventCountry "GER"]
[SourceTitle "EXT 2012"]
[Source "ChessBase"]
[SourceDate "2011.11.24"]
[SourceVersion "1"]
[SourceVersionDate "2011.11.24"]
[SourceQuality "1"]

1. e4 e5 2. Nf3 Nc6 3. Bb5 d6 4. 0-0 Bd7 5. d4 Nf6 6. Bxc6 Bxc6 7. dxe5 dxe5 8. Nxe5 Bxe4 9. Qe2 Qe7 10. Bf4 0-0-0 11. Nc3 Bc6 12. Nxc6 Qxe2 13. Nxa7+ Kb8 14. Nc6+ bxc6 15. Nxe2 Bd6 16. Bg5 Be5 17. f4 Bd6 18. Bxf6 gxf6 19. b4 Ka7 20. c3 c5 21. a3 Rhe8 22. Kf2 Re4 23. g3 Rde8 24. Rfe1 Rc4 25. Rac1 Kb6 26. Ng1 Rxe1 27. Kxe1 cxb4 28. axb4 Kb5 29. Kd2 c5 30. bxc5 Rxc5 31. Rb1+ Kc6 32. Ne2 Ra5 33. Nd4+ Kc7 34. Nb5+ Kc6 35. Nxd6 Kxd6 36. Rb6+ Ke7 37. Rb2 Ra1 38. Kd3 Rd1+ 39. Rd2 Ra1 40. c4 Kd6 41. Kc3+ Kc6 42. Kd4 Ra4 43. Rc2 Ra5 44. Re2 Kd7 45. Rb2 Kc7 46. c5 Ra4+ 47. Kd5 Ra1 48. Rc2 Re1 49. Ra2 Rd1+ 50. Ke4 f5+ 51. Kxf5 Rd5+ 52. Kf6 Rxc5 53. Kxf7 Kd6 54. Re2 Rc7+ 55. Kf6 Kd5 56. Re7 Rc6+ 57. Kg5 Rg6+ 58. Kh5 Rf6 59. Rxh7 Ke4 60. Kg5 Rf8 61. Re7+ Kf3 62. Rh7 Rg8+ 63. Kf6 Rb8 64. f5 Kg4 65. Rh4+ Kf3 66. Kg6 Rg8+ 67. Kf7 Rg5 68. f6 Re5 69. Kg6 Re6 70. Kf5 Rb6 71. f7 Rb5+ 72. Ke6 Rb6+ 73. Kd5 Rb5+ 74. Kc6 Rb8 75. Rf4+ 1-0